| 000 | 01114nam a22002297a 4500 | ||
|---|---|---|---|
| 003 | SISC | ||
| 005 | 20171018110806.0 | ||
| 008 | 171018b xxu||||| |||| 00| 0 eng d | ||
| 020 | _a9780198308768 | ||
| 050 |
_aQD 33 _b.G162 2015 |
||
| 100 | _aGallagher, RoseMarie | ||
| 245 |
_aComplete chemistry for Cambridge IGCSE : _bteacher resource pack / _cRoseMarie Gallagher, Paul Ingram. |
||
| 250 | _aThird edition | ||
| 260 |
_aOxford : _bOxford University Press, _cc2015 |
||
| 300 |
_a124 pages : _billustrations ; _c28 cm. |
||
| 520 | _aThis new edition of the Teacher's Resource Pack offers expert support for the Cambridge IGCSE Chemistry syllabus. It now includes lesson plans for some of the toughest topics as well as updated classroom support, including worksheets and ideas for practicals. (Source: WorldCat) | ||
| 650 |
_2Library of Congress Subject Classification _aChemistry _xStudy and teaching (Secondary) _zGreat Britain |
||
| 650 |
_2Library of Congress Subject Classification _aChemistry _xStudy and teaching (Secondary) |
||
| 700 | _aIngram, Paul | ||
| 942 |
_2lcc _cBK _eThird |
||
| 999 |
_c344415 _d344415 |
||